| 000 | 00000cam 2200000zi 4500 |
| 001 | 9.963908 |
| 003 | CaOODSP |
| 005 | 20260630072248 |
| 006 | m o d f |
| 007 | cr cn||||||||| |
| 008 | 260630t20262026onca jo f000 0 eng d |
| 020 | |z9780660360904 |
| 040 | |aCaOODSP|beng|erda|cCaOODSP |
| 043 | |an-cn--- |
| 086 | 1 |aA104-202/2-2026E-PDF|zA104-202/2-2020E-PDF |
| 245 | 00|aPlant health hero activity book : |bages 9-12. |
| 250 | |a[2026 revised edition]. |
| 264 | 1|a[Ottawa] : |bCanadian Food Inspection Agency = Agence canadienne d'inspection des aliments, |c[2026] |
| 264 | 4|c©2026 |
| 300 | |a1 online resource (15 pages) : |bcolour illustrations |
| 336 | |atext|btxt|2rdacontent |
| 337 | |acomputer|bc|2rdamedia |
| 338 | |aonline resource|bcr|2rdacarrier |
| 500 | |aCover title. |
| 500 | |a"Révisé 2026." |
| 500 | |aIncorrect catalogue number (A104-202/2-2020E-PDF) and ISBN (9780660360904) printed in this publication. |
| 500 | |aIssued also in French under title: Livre d'activités du héros de la santé des végétaux : âge : 9 à 12. |
| 520 | |a"The intent of this activity book is to teach young learners about the basics of plant health in Canada and how they can participate in protecting our amazing natural plant resources"--Page 1. |
| 650 | 0|aPlant health|zCanada|vJuvenile literature. |
| 655 | 7|aActivity books|2lcgft |
| 710 | 2 |aCanadian Food Inspection Agency, |eissuing body. |
| 775 | 08|tLivre d'activités du héros de la santé des végétaux : |w(CaOODSP)9.963909 |
| 795 | |tPlant health hero activity book : |b[2020 edition]|w(CaOODSP)9.891807 |
| 856 | 40|qPDF|s13.9 MB|uhttps://publications.gc.ca/collections/collection_2026/acia-cfia/A104-202-2-2026-eng.pdf |